ARRUPE JESUIT UNIVERSITY

CORONAVIRUS -STOP THE SPREAD - CLEAN,DISINFECT,COVER

Labour export policy in the development of Southern Africa / (Record no. 122193)

MARC details
000 -LEADER
fixed length control field 01242cam a2200361 a 4500
001 - CONTROL NUMBER
control field 1565139
003 - CONTROL NUMBER IDENTIFIER
control field ARRUPE
005 - DATE AND TIME OF LATEST TRANSACTION
control field 20150225130932.0
008 - FIXED-LENGTH DATA ELEMENTS--GENERAL INFORMATION
fixed length control field 950320s1995 enk 001 0 eng d
010 ## - LIBRARY OF CONGRESS CONTROL NUMBER
LC control number gb 95008889
015 ## - NATIONAL BIBLIOGRAPHY NUMBER
National bibliography number GB95-8889
020 ## - INTERNATIONAL STANDARD BOOK NUMBER
International Standard Book Number 0333616952 :
Terms of availability £35.00 : Formerly CIP
035 ## - SYSTEM CONTROL NUMBER
System control number (OCoLC)ocm32272651
035 ## - SYSTEM CONTROL NUMBER
System control number (NNC)1565139
040 ## - CATALOGING SOURCE
Original cataloging agency UKM
Transcribing agency UKM
Modifying agency TKN
050 ## - LIBRARY OF CONGRESS CALL NUMBER
Classification number HD8800.P313 1995
082 04 - DEWEY DECIMAL CLASSIFICATION NUMBER
Classification number 331.12791
Edition number 20
090 ## - LOCALLY ASSIGNED LC-TYPE CALL NUMBER (OCLC); LOCAL CALL NUMBER (OCLC)
Classification number (OCLC) (R) ; Classification number, CALL (RLIN) (NR) HD5856.A35
Local cutter number (OCLC) ; Book number/undivided call number, CALL (RLIN) P3 1995
300 ## - PHYSICAL DESCRIPTION
Dimensions 23 cm.
100 1# - MAIN ENTRY--PERSONAL NAME
Personal name Paton, Bill.
9 (RLIN) 15531
245 10 - TITLE STATEMENT
Title Labour export policy in the development of Southern Africa /
Statement of responsibility, etc Bill Paton.
260 ## - PUBLICATION, DISTRIBUTION, ETC. (IMPRINT)
Place of publication, distribution, etc Basingstoke :
Name of publisher, distributor, etc Macmillan in association with the Institute of Social Studies,
Date of publication, distribution, etc 1995.
300 ## - PHYSICAL DESCRIPTION
Extent xii, 397 p. ;
500 ## - GENERAL NOTE
General note Includes index.
504 ## - BIBLIOGRAPHY, ETC. NOTE
Bibliography, etc Bibliography: p. 351-387.
650 #0 - SUBJECT ADDED ENTRY--TOPICAL TERM
Topical term or geographic name as entry element Migrant labor
Geographic subdivision Africa, Southern
General subdivision History
Chronological subdivision 20th century.
9 (RLIN) 15532
650 #0 - SUBJECT ADDED ENTRY--TOPICAL TERM
Topical term or geographic name as entry element Labor policy
Geographic subdivision Africa, Southern
General subdivision History
Chronological subdivision 20th century.
9 (RLIN) 15533
650 #0 - SUBJECT ADDED ENTRY--TOPICAL TERM
Topical term or geographic name as entry element Foreign workers
Geographic subdivision Africa, Southern
General subdivision History
Chronological subdivision 20th century.
9 (RLIN) 15534
653 0# - INDEX TERM--UNCONTROLLED
Uncontrolled term Personnel
-- Migration
653 0# - INDEX TERM--UNCONTROLLED
Uncontrolled term Southern Africa
710 2# - ADDED ENTRY--CORPORATE NAME
Corporate name or jurisdiction name as entry element Institute of Social Studies (Netherlands)
9 (RLIN) 15535
942 ## - ADDED ENTRY ELEMENTS (KOHA)
Source of classification or shelving scheme Library of Congress Classification
Koha item type Monograph ( Printed materials)
Holdings
Withdrawn status Lost status Source of classification or shelving scheme Damaged status Not for loan Collection code Home library Current library Shelving location Date acquired Total Checkouts Full call number Barcode Date last seen Price effective from Koha item type
    Library of Congress Classification     Main Collection ARRUPE LIBRARY ARRUPE LIBRARY Main Collection 25/02/2015   HD8800.P313 1995 46500000984 25/02/2015 25/02/2015 Monograph ( Printed materials)

 

Arrupe Library. PO Box MP320 Mt Pleasant, Harare, Zimbabwe
263 242 745411|librarian@aju.ac.zw